Mots français terminés par VRE - Statistiques

Statistiques générales
  • Ce quiz a été pris 77 fois
  • Le résultat moyen est 10 sur 25
Statistiques - réponses
Indice Mot % Correct
Manuel en classe Livre
95%
Vaincu par la tortue Lièvre
89%
Exister Vivre
86%
Emboiter le pas Suivre
73%
Métal de casserole Cuivre
68%
Dépouille Cadavre
67%
Miséreux Pauvre
65%
Lippe Lèvre
52%
Rond Ivre
48%
Contre le givre Antigivre
42%
S'avale à contre-coeur Couleuvre
42%
Céphalopode Pieuvre
42%
Abri côtier Havre
27%
Gnangnan Mièvre
27%
Porte la barbe Chèvre
26%
Suit son chef Oeuvre
21%
Membrane Plèvre
20%
Faire grève de la fin Survivre
20%
Serpent fabuleux Vouivre
20%
Rivière cachée de Paris Bièvre
14%
Va au moulin Poivre
14%
Mettre en accusation Poursuivre
14%
Non qualifié Manoeuvre
12%
Part souvent en fumée Chanvre
9%
St Eloi Orfèvre
8%
Aucun quiz correspondant
Distribution des résultats
% des personnes avec chaque résultat
Percentile par nombre de réponses
Votre historique - résultats
Vous n’avez pas pris ce quiz